Регионална библиотека "Любен Каравелов" - Русе

Възрожденски страници (Запис номер 47346)

MARC детайли
000 -Лидер
Контролно поле с фиксирана дължина 01229nam a2200289 c 4500
003 - Код на организацията, давaща контролен номер
Контролно поле BLK
005 - Дата и час на последна редакция
Контролно поле 20220620081911.0
008 - Елементи от данни с фиксирана дължина
fixed length control field 180408b bul|||||r ||||||| ||bul||
010 ## - Наследен системен номер
LC control number KNG00051158000
040 ## - Източник на каталожния запис
Идентификатор на билиотеката - собственик на записа BLK
041 ## - Код за език
Код за езика на текст/звукозапис или на отделно заглавие Български
Код за езика КДБФ Български
080 ## - УДК
Текстов определител УДК Българска литература
УДК код - определител по УДК 821.163.2
УДК определител -82
УДК - код + определител 821.163.2-82
139 ## - Редно поле
Редна дума Възрожденски страници
245 10 - Сведения за заглавието
Заглавие Възрожденски страници
Подзаглавни данни Антология : В 2 т.
Редно поле (дума) под ръков. и с предг. на Петър Николов Динеков.
Том Т. 2
Заглавие на том Поезия, белетристика, сатира и хумор, драма, критика
257 ## - Страна на издаване
Страна на създаване/издаване България
260 ## - Област на издателските данни
Място на издаване, разпространение и проч. София
Име на издателя, разпространителя и проч. Бълг. писател
Година на издаване 1969
300 ## - Физическа характеристика
Размери/Мащаб 21 см
380 ## - Жанр
Жанр Худож. лит.
700 1# - Други автори (авторска отговорност)
Лично име Динеков, Петър Николов
Автороска отговорност (Описва отношението между автора и произведението) под ръков. и с предг. на
9 (RLIN) 363799
760 1# - Описание на основната серия
Място на издаване, издател и година София, 1969
Страници - том 547 с.
Част - том Т. 2 Поезия, белетристика, сатира и хумор, драма, критика
Заглавие Възрожденски страници
852 ## - Местоположение
Форматна сигнатура Цб 48774
Фондова буква Хранилище
999 ## - СИСТЕМНИ КОНТРОЛНИ НОМЕРА
Koha biblionumber 47346
Koha biblioitemnumber 47346
942 ## - АРТИКУЛИ
Вид на библиотечния материал Книги
Скрит в OPAC Не
Периодичен библиозапис Да
944 ## - СЪЗДАВАНЕ И РЕДАКЦИЯ на ЗАПИСА
Създаване/Редакция Създаване
Дата на регистрацията/редакция 01.09.2016
Служител, извършил регистрацията/редакцията Грета_Цуфелде
944 ## - СЪЗДАВАНЕ И РЕДАКЦИЯ на ЗАПИСА
Създаване/Редакция Редакция
Дата на регистрацията/редакция 2022-06-20
Служител, извършил регистрацията/редакцията СТ
999 ## - СИСТЕМНИ КОНТРОЛНИ НОМЕРА
Koha biblioitemnumber 47346
Наличности
Код за отписване Код за изгубен артикул Източник на класификационната схема Код за повреда Коз за рестрикции Код за отдаване Артикулен № Име на библиотеката - собственик Име на библиотеката, в която се намира в момента Статус (Текущо местоположение) Дата на вписване в системата Местоположение - отдел Цена в лева Инвентарен номер Систематично азбучна сигнатура Баркод Номер на екземпляра Цена в евро Служебна бележка Служебен тип на артикула Бележка за публиката
  Не е изгубен Universal Decimal Classification Не е повреден без рестрикции ползва се в читалня 74459 Регионална библиотека "Любен Каравелов" Русе Регионална библиотека "Любен Каравелов" Русе Хранилище 1969-01-01 Хранилище 2.62 54512 Цб 48774 120000054512 1 1.34 N: стар фонд Дата: 01.01.1969 Книги  
Изтеглен Не е изгубен   Не е повреден без рестрикции заемане за дома 74460 Регионална библиотека "Любен Каравелов" Русе Регионална библиотека "Любен Каравелов" Русе   1969-01-01 Заемна - подръчен фонд 2.62 54737 П 886.7-8/В 91 54737 2 1.34 N: стар фонд Дата: 01.01.1969 Книги Отч.N: 11/2018 , Дата: 02.02.2018
Изтеглен Не е изгубен Universal Decimal Classification Не е повреден без рестрикции заемане за дома 74461 Регионална библиотека "Любен Каравелов" Русе Регионална библиотека "Любен Каравелов" Русе Заемна - подръчен фонд 1969-01-01 Заемна - подръчен фонд 2.62 54740 П 886.7-8/В 91 54740 3 1.34 N: стар фонд Дата: 01.01.1969 Дата инв: 14.02.2018 Бележки инв: П2018 Книги  
Vip Innovations Ltd, Rousse, Bulgaria 2025